|
|
|
|
| LEADER |
00898cas a2200205 a 4500 |
| 001 |
AALejournalSpringer000643 |
| 008 |
230103c9999 xx r poo 0 0eng d |
| 022 |
|
|
|a 1612-3093
|
| 022 |
|
|
|a 1863-9038
|
| 040 |
|
|
|a BD-DhAAL
|c BD-DhAAL
|
| 245 |
0 |
0 |
|h [electronic resource]
|a ERA Forum
|
| 260 |
|
|
|b Springer Berlin Heidelberg
|
| 300 |
|
|
|a 1 online resource
|
| 362 |
0 |
|
|a Vol. 1, no. 1
|
| 500 |
|
|
|a <strong>Off-Campus Access:</strong> Athens ID and Password Required
|
| 500 |
|
|
|a <strong>On-Campus Access:</strong> No User ID or Password Required
|
| 506 |
|
|
|a Electronic access restricted to authorized BRAC University faculty, staff and students
|
| 538 |
|
|
|a Mode of access: Internet
|
| 856 |
4 |
0 |
|z Full text available on Springer
|u https://link.springer.com/journal/12027
|
| 856 |
4 |
0 |
|z Off-campus access
|u https://go.openathens.net/redirector/bracu.ac.bd?url=https%3A%2F%2Flink.springer.com%2Fjournal%2F12027
|